• 首页
  • 本馆介绍
  • 公告通知
  • 最新文献
  • 馆藏检索
  • 电子资源
  • 读者导购
  • 参考咨询
  • 我的图书馆
  • 登录
  • 详细信息显示
  • 放入我的书架
  • 预约/预借图书
  • 作者相关作品
  • 分类相关作品
  • 丛书相关作品
  • 出版社相关作品

书目信息

  • 表格格式
  • 工作单格式
  • 卡片格式
题名:
养生堂《黄帝内经》养肝速查全书
    
 
作者: 高思华, 主编
分册:  
出版信息: 北京   中国轻工业出版社  2017
页数: 285页
开本: 24cm
丛书名:
单 册:
中图分类: R221 , R256.4
科图分类:
主题词:
电子资源:
ISBN: 978-7-5184-1383-6
000 00883nam0 2200253 450
001 012001001097
005 20131107133238.0
010    @a978-7-5184-1383-6@dCNY49.80
099    @aCAL 012018197007
100    @a20181221d2017 em y0chiy50 ea
101 0  @achi
102    @aCN@b110000
105    @aa z 000yy
106    @ar
200 1  @a养生堂《黄帝内经》养肝速查全书@AYang Sheng Tang《Huang Di Nei Jing》Yang Gan Su Cha Quan Shu@f高思华主编
210    @a北京@c中国轻工业出版社@d2017
215    @a285页@c彩图@d24cm
330    @a本书从养肝常识、养肝特效食材、常见肝病调理、不同人群养肝、运动养肝、按摩艾灸刮痧拔罐养肝、家庭常备养肝中成药等方面介绍养肝、护肝知识。
605    @a《内经》@A《Nei Jing》@x柔肝
690    @aR221@v5
690    @aR256.4@v5
701  0 @a高思华,@AGao Si Hua@f1957-@4主编
801  0 @aCN@b北京卓展文化@c20191020
905    @b1197510-3@dR221@e495@f4
    
    养生堂《黄帝内经》养肝速查全书/高思华主编.-北京:中国轻工业出版社,2017
    285页:彩图;24cm
    
    
    ISBN 978-7-5184-1383-6:CNY49.80
    本书从养肝常识、养肝特效食材、常见肝病调理、不同人群养肝、运动养肝、按摩艾灸刮痧拔罐养肝、家庭常备养肝中成药等方面介绍养肝、护肝知识。
●
相关链接 在E读中查询图书 在五车中查询图书 在当当中查询图书 在豆瓣中查询图书


正题名:养生堂《黄帝内经》养肝速查全书     索取号:R221/495         预约/预借

序号 登录号 条形码 馆藏地/架位号 状态 备注
1 1197510   211975102   第二样本阅览室/ [索取号:R221/495] 在馆    
2 1197511   211975111   第三借阅区/ [索取号:R221/495] 在馆    
3 1197512   211975120   第三借阅区/ [索取号:R221/495] 在馆    
4 1197513   211975139   第三借阅区/ [索取号:R221/495] 在馆    
唐山师范学院图书馆 欢迎您!
大连网信软件有限公司© 版权所有